Small Scale Irrigation for Arid Zones Principles and Options ( FAO Development Series-2 ) (Record no. 2372)

MARC details
000 -LEADER
fixed length control field 00339nam a22001337a 4500
020 ## - INTERNATIONAL STANDARD BOOK NUMBER
International Standard Book Number 92-5-10103896-1
041 ## - LANGUAGE CODE
Language code of text/sound track or separate title ENG
100 ## - MAIN ENTRY--PERSONAL NAME
Personal name Hillel Doniel
245 ## - TITLE STATEMENT
Title Small Scale Irrigation for Arid Zones Principles and Options ( FAO Development Series-2 )
260 ## - PUBLICATION, DISTRIBUTION, ETC. (IMPRINT)
Place of publication, distribution, etc Rome
Name of publisher, distributor, etc FAO
Date of publication, distribution, etc 1997
300 ## - PHYSICAL DESCRIPTION
Extent 56
650 ## - SUBJECT ADDED ENTRY--TOPICAL TERM
Topical term or geographic name as entry element FAO
856 ## - ELECTRONIC LOCATION AND ACCESS
Uniform Resource Identifier FAO (01)
Holdings
Withdrawn status Lost status Source of classification or shelving scheme Damaged status Not for loan Home library Current library Shelving location Date acquired Cost, normal purchase price Total Checkouts Barcode Date last seen Price effective from Koha item type
    Dewey Decimal Classification     College of Agricultural Engineering and Technology, Dapoli , Library College of Agricultural Engineering and Technology, Dapoli , Library Book Cart 21/10/2021 964.00   001414 21/10/2021 21/10/2021 Books
    Dewey Decimal Classification     College of Agricultural Engineering and Technology, Dapoli , Library College of Agricultural Engineering and Technology, Dapoli , Library Book Cart 21/10/2021 964.00   001415 21/10/2021 21/10/2021 Books
    Dewey Decimal Classification     College of Agricultural Engineering and Technology, Dapoli , Library College of Agricultural Engineering and Technology, Dapoli , Library Book Cart 21/10/2021 964.00   001416 21/10/2021 21/10/2021 Books
    Dewey Decimal Classification     College of Agricultural Engineering and Technology, Dapoli , Library College of Agricultural Engineering and Technology, Dapoli , Library Book Cart 21/10/2021 964.00   001500 21/10/2021 21/10/2021 Books
    Dewey Decimal Classification     College of Agricultural Engineering and Technology, Dapoli , Library College of Agricultural Engineering and Technology, Dapoli , Library Book Cart 21/10/2021 1533.00   003071 21/10/2021 21/10/2021 Books

Contact Us: College of Agricultural Engineering and Technology, Dapoli, Dist.- Ratnagiri
Website: https://dbskkv.org Email: caetlibrary2015@gmail.com